Mystery of consciousness (Record no. 1398423)

MARC details
000 -LEADER
fixed length control field 00519nam a2200193Ia 4500
005 - DATE AND TIME OF LATEST TRANSACTION
control field 20250508165946.0
008 - FIXED-LENGTH DATA ELEMENTS--GENERAL INFORMATION
fixed length control field 008 250505s9999 xx 000 0 eng d
037 ## - SOURCE OF ACQUISITION
Stock number Textual
040 ## - CATALOGING SOURCE
Original cataloging agency FEDL
Language of cataloging eng
Transcribing agency FEDL
041 ## - LANGUAGE CODE
Language code of text/sound track or separate title eng
Source of code eng
084 ## - COLON CLASSIFICATION NUMBER
Classification number 128.2, SEA
Assigning agency FEDL
100 ## - MAIN ENTRY--PERSONAL NAME
Personal name Searle John R
245 #0 - TITLE STATEMENT
Title Mystery of consciousness
260 ## - PUBLICATION, DISTRIBUTION, ETC.
Place of publication, distribution, etc. New York, USA
Name of publisher, distributor, etc. New Year Review of Book
Date of publication, distribution, etc. 1997
300 ## - PHYSICAL DESCRIPTION
Extent xvi, 224p.
365 ## - TRADE PRICE
Price type code INR
Price amount 750
942 ## - ADDED ENTRY ELEMENTS (KOHA)
Koha item type Textual
Classification part 128.2, SEA
Holdings
Withdrawn status Lost status Damaged status Not for loan Home library Current library Date acquired Cost, normal purchase price Total Checkouts Full call number Barcode Date last seen Price effective from Koha item type
        Department of Education Library Department of Education Library 2025-05-08 750.00   128.2, SEA EL0092084 2025-05-08 2025-05-08 Textual
Copyright @ Delhi University Library System